000 00613nam a2200193Ia 4500
003 GCL
008 140319s9999 xx 000 0 ara d
040 _aGCL /
_cGCL
082 0 4 _a377.1
_bن د
100 1 _aنظمى خليل ابوالعطا
245 1 0 _aرسالة الى المعلم المسلم /
_cنظمى خليل ابوالعطا
260 _a[S.N] :
_bمكتبة النور للطباعة والتوزيع ،
_c1992
300 _a64 ص
490 _a
650 0 4 _aالاسلام
650 0 4 _aالاخلاق الاسلامية
650 0 4 _aالاداب الاسلامية
942 _2ddc
_cBK
999 _c53888
_d53888